Star Wars by letter - F - Statistics

General Stats
  • This quiz has been taken 30 times
  • The average score is 8 of 20
Answer Stats
Hint Answer % Correct
The energy that bounds everything together Force (the)
100%
Former soldier of this movement, he joined Leia Organa's Resistance Finn
90%
Movement born in the Unknown Regions and ruled by a Supreme Leader who seeks to reclaim the Imperial legacy First Order
85%
Planet teeming with fungal life-forms and immensive primitive plants that the Jedi attempted do defend during the Clone Wars Felucia
70%
Male inquisitor trained in the dark side who wields a dual-bladed lightsaber Fifth Brother
60%
His former codename FN-2187
60%
Female assassin and elite mercenary who worked for all the top syndicates Fennec Shand
50%
Stormtrooper unit using D-93 incinerators to flush out entrenched enemies Flametroopers
45%
Two-headed aliens and popular announcers of the Boonta Eve Podrace Fode and Beed
40%
Female Inquisitor loyal to her cause who hunts down any fugitive Force wielders Fourth Sister
40%
Rocking frontman of the "Modal Nodes" band who plays in cantinas on Tatooine Figrin D'an
35%
Headquarters of the Inquisitors on the moon of Nur Fortress Inquisitorius
20%
Powerful and fast quadruped used in races on Canto Bight Fathier
15%
Colorful celebration happening every 42 years on the planet Pasaana that Rey and his friends had the chance to see while on mission Festival of the Ancestors
15%
Harsh and arid planet in the Outer Rim far away from any hyperspace routes and perfect haven for hunted criminals and lawless thugs Florrum
15%
Outer Rim planet reputed to hold some of the best second-hand parts inventory in the galaxy and home to a community of scavengers, entrepreneurs and technicians Ferrix
10%
Powerful and dagger-shaped flagship shared by Hux and Kylo Ren which is nearly twice the size of an Imperial-era Star Destroyer Finalizer
10%
Sleek vehicle used by Naboo's volunteer security force to patrol in the streets of their cities Flash Speeder
10%
Technology present on almost every ship, used to contain all the informations about it Flight data recorder
10%
Imperial naval complex home to Imperial loyal citizens, scientists and officers Fondor
10%
No matching quizzes found
Score Distribution
Percent of People with Each Score
Percentile by Number Answered
Your Score History
You have not taken this quiz